000 01263cam a22003257i 4500
001 18331411
003 PILC
005 20150529092914.0
008 141010t20132014nyua b 001 0 eng d
010 _a 2014453352
020 _a0071792708
020 _a9780071792707
035 _a(OCoLC)ocn837954100
040 _aYDXCP
_beng
_cYDXCP
_erda
_dBDX
_dBTCTA
_dKSU
_dCGU
_dOCLCQ
_dOCLCO
_dOCLCQ
_dDLC
042 _alccopycat
050 0 0 _aT 173.8
_b.G562 2014
082 0 4 _a658.40/63
245 0 0 _aGlobal innovation science handbook /
_cPraveen Gupta, editor, Brett E. Trusko, Ph.D., MBA, editor.
260 _aNY :
_bMcGraw Hill,
_c2014.
300 _axxx, 866 pages :
_billustrations ;
_c29 cm.
500 _aIncludes index.
650 0 _aTechnological innovations
_xMethodology.
700 1 _aGupta, Praveen,
_d1957-
_eeditor.
700 1 _aTrusko, Brett E.,
_eeditor.
856 4 2 _3Contributor biographical information
_uhttp://www.loc.gov/catdir/enhancements/fy1507/2014453352-b.html
856 4 2 _3Publisher description
_uhttp://www.loc.gov/catdir/enhancements/fy1507/2014453352-d.html
906 _a7
_bcbc
_ccopycat
_d2
_encip
_f20
_gy-gencatlg
942 _2lcc
_cBK
_kFOR
999 _c284505
_d284505